[Event "CAN-ch U12"]
[Site "Ottawa"]
[Date "2013.07.12"]
[Round "5"]
[White "Chen, Samuel"]
[Black "Chertkow, Matthew"]
[Result "1-0"]
[WhiteElo "1339"]
[BlackElo "927"]
[PlyCount "65"]
[EventDate "2013.07.10"]
[EventType "swiss"]
[EventRounds "6"]
[EventCountry "CAN"]
[SourceTitle "EXT 2022"]
[Source "ChessBase"]
[SourceDate "2021.10.06"]
[SourceVersion "1"]
[SourceVersionDate "2021.10.06"]
[SourceQuality "1"]

1. d4 Nf6 2. Nf3 d5 3. e3 Nc6 4. Bd3 Bd7 5. b3 e6 6. Bb2 Bd6 7. a3 Qe7 8. Ne5 0-0 9. 0-0 Ne4 10. f3 Bxe5 11. dxe5 Ng5 12. h4 Nh3+ 13. gxh3 Qxh4 14. Kh2 f6 15. exf6 e5 16. Qe2 Qxh3+ 17. Kg1 Rxf6 18. Rf2 Raf8 19. Nd2 Bg4 20. Rh2 Qg3+ 21. Rg2 Qh4 22. Rxg4 Qh5 23. Qh2 Qxh2+ 24. Kxh2 Rh6+ 25. Kg2 e4 26. Bxg7 exf3+ 27. Nxf3 Rxf3 28. Bxh6+ Kh8 29. Kxf3 Ne5+ 30. Kg3 Nxg4 31. Kxg4 Kg8 32. Rf1 d4 33. Rf8# 1-0